<?xml version="1.0" encoding="UTF-8"?><?xml-stylesheet type="text/xsl" href="static/style.xsl"?><OAI-PMH xmlns="http://www.openarchives.org/OAI/2.0/" xmlns:xsi="http://www.w3.org/2001/XMLSchema-instance" xsi:schemaLocation="http://www.openarchives.org/OAI/2.0/ http://www.openarchives.org/OAI/2.0/OAI-PMH.xsd"><responseDate>2026-06-30T03:14:29Z</responseDate><request verb="GetRecord" identifier="oai:docta.ucm.es:20.500.14352/124510" metadataPrefix="marc">https://docta.ucm.es/rest/oai/request</request><GetRecord><record><header><identifier>oai:docta.ucm.es:20.500.14352/124510</identifier><datestamp>2025-10-03T23:46:39Z</datestamp><setSpec>com_20.500.14352_14</setSpec><setSpec>col_20.500.14352_15</setSpec></header><metadata><record xmlns="http://www.loc.gov/MARC21/slim" xmlns:dcterms="http://purl.org/dc/terms/" xmlns:xsi="http://www.w3.org/2001/XMLSchema-instance" xmlns:doc="http://www.lyncode.com/xoai" xsi:schemaLocation="http://www.loc.gov/MARC21/slim http://www.loc.gov/standards/marcxml/schema/MARC21slim.xsd">
   <leader>00925njm 22002777a 4500</leader>
   <datafield ind2=" " ind1=" " tag="042">
      <subfield code="a">dc</subfield>
   </datafield>
   <datafield ind2=" " ind1=" " tag="720">
      <subfield code="a">Martínez Jiménez, Eva María</subfield>
      <subfield code="e">author</subfield>
   </datafield>
   <datafield ind2=" " ind1=" " tag="720">
      <subfield code="a">Becerro De Bengoa Vallejo, Ricardo</subfield>
      <subfield code="e">author</subfield>
   </datafield>
   <datafield ind2=" " ind1=" " tag="720">
      <subfield code="a">Losa Iglesias, Marta Elena</subfield>
      <subfield code="e">author</subfield>
   </datafield>
   <datafield ind2=" " ind1=" " tag="720">
      <subfield code="a">Pérez Boal, Eduardo</subfield>
      <subfield code="e">author</subfield>
   </datafield>
   <datafield ind2=" " ind1=" " tag="720">
      <subfield code="a">Posada Ordax, Jorge</subfield>
      <subfield code="e">author</subfield>
   </datafield>
   <datafield ind2=" " ind1=" " tag="720">
      <subfield code="a">Sánchez Serena, Anna</subfield>
      <subfield code="e">author</subfield>
   </datafield>
   <datafield ind2=" " ind1=" " tag="720">
      <subfield code="a">Trevissón Redondo, Bibiana</subfield>
      <subfield code="e">author</subfield>
   </datafield>
   <datafield ind2=" " ind1=" " tag="720">
      <subfield code="a">Benito de Pedro, María</subfield>
      <subfield code="e">author</subfield>
   </datafield>
   <datafield ind2=" " ind1=" " tag="720">
      <subfield code="a">Martínez Córcoles, Vicenta</subfield>
      <subfield code="e">author</subfield>
   </datafield>
   <datafield ind2=" " ind1=" " tag="720">
      <subfield code="a">Casado Hernández, Israel</subfield>
      <subfield code="e">author</subfield>
   </datafield>
   <datafield ind2=" " ind1=" " tag="260">
      <subfield code="c">2025-08-14</subfield>
   </datafield>
   <datafield ind2=" " ind1=" " tag="520">
      <subfield code="a">Background

Ischemic compression is a manual therapy that improves range of motion, pain and disability in Myofascial Pain Syndrome. Plantar foot pain is a common clinical entity that could be due to Flexor digitorum brevis trigger point. Effect on balance and plantar pressures after ischemic compression in Flexor digitorum brevis muscle trigger point have not been checked.

Methods

Eighteen subjects (aged 25.06 + /- 5.51 years) with bilateral Flexor digitorum brevis latent or active myofascial trigger points were recruited. Study design: pre-post study. We measured three static footprint and stabilometry variables before and after ischemic compression for 90 seconds at bilateral Flexor digitorum brevis Myofascial Trigger Point. A Shapiro-Wilk test was performed to check normality. Comparison of related measures was done by paired T-test or Wilcoxon Range Test depending on whether the distribution was normal or non-normal. Significant differences were considered with p-value &lt;0.05. All statistics were calculated with a 95% confidence interval. Reliability was also assessed with an Intraclass correlation coefficient (ICC) and Standard error measured (SEM) calculation.

Results

Most variables have good to perfect reliability, with the exception of four variables which had moderate reliability and two variables which had only slight reliability. Reliable stabylometric variables included anteroposterior displacement of COP and surface with EO and EC. The footprint and stabilometry variables showed no significant differences after ischemic compression.

Conclusions

Ischemic compression in the Flexor digitorum brevis muscle showed no significant differences in plantar pressures and stabilometry. Other techniques like dry needling indicated worsened balance effects. More studies are required to check significant changes. The results are important because they demonstrate a technique to treat FDB MTrP without repercussions on plantar pressure or balance. NCT06509347 (clinicalTrials.gov) initial release 7/7/24 and last release 28/7/24.</subfield>
   </datafield>
   <datafield ind1="8" ind2=" " tag="024">
      <subfield code="a">Martínez-Jiménez, Eva María, et al. «Plantar pressures and stabilometry effects of ischemic compression in Flexor digitorum brevis muscle Myofascial Trigger Point: A prepost study». PLOS ONE, vol. 20, n.º 8 August, 2025, https://doi.org/10.1371/JOURNAL.PONE.0329734.</subfield>
   </datafield>
   <datafield ind1="8" ind2=" " tag="024">
      <subfield code="a">1932-6203</subfield>
   </datafield>
   <datafield ind1="8" ind2=" " tag="024">
      <subfield code="a">10.1371/journal.pone.0329734</subfield>
   </datafield>
   <datafield ind1="8" ind2=" " tag="024">
      <subfield code="a">https://hdl.handle.net/20.500.14352/124510</subfield>
   </datafield>
   <datafield ind1="8" ind2=" " tag="024">
      <subfield code="a">https://doi.org/10.1371/journal. pone.0329734</subfield>
   </datafield>
   <datafield ind1="8" ind2=" " tag="024">
      <subfield code="a">https://journals.plos.org/plosone/article?id=10.1371/journal.pone.0329734</subfield>
   </datafield>
   <datafield ind2="0" ind1="0" tag="245">
      <subfield code="a">Plantar pressures and stabilometry effects of ischemic compression in Flexor digitorum brevis muscle Myofascial Trigger Point: A prepost study</subfield>
   </datafield>
</record></metadata></record></GetRecord></OAI-PMH>